LEADER 01155nam0-2200313---450- 001 990008822920403321 005 20090311170430.0 035 $a000882292 035 $aFED01000882292 035 $a(Aleph)000882292FED01 035 $a000882292 100 $a20090311d2005----km-y0itay50------ba 101 0 $aita 105 $aa-------101yy 200 1 $aAzionamenti elettrici$eevoluzione tecnologica e problematiche emergenti$e16. seminario interattivo$eraccolta degli atti$eBressanone (BZ) 7-9 marzo 2005$fAssociazione nazionale azionamenti elettrici 210 $a[s.l.$cs.n.]$dstampa 2005$eNapoli$gLitografia Nicola Libero 215 $a2 v.$cill.$d21 cm 610 0 $aAzionamenti elettrici$aSeminari 676 $a621.310'42 710 12$aSeminario interattivo su azionamenti elettrici$d<16. ;$f2005 ;$eBressanone, Italia>$0505070 711 02$aAssociazione nazionale azionamenti elettrici$0319478 801 0$aIT$bUNINA$gRICA$2UNIMARC 901 $aBK 912 $a990008822920403321 952 $a10 PRO 524/1$bS.I.$fDINEL 952 $a10 PRO 524/2$bS.I.$fDINEL 959 $aDINEL 996 $aAzionamenti elettrici$9806934 997 $aUNINA LEADER 03563oam 2200637I 450 001 9910453327403321 005 20200520144314.0 010 $a1-136-92092-7 010 $a0-415-86087-3 010 $a0-203-84455-6 010 $a1-136-92093-5 024 7 $a10.4324/9780203844557 035 $a(CKB)2550000001164811 035 $a(SSID)ssj0000886467 035 $a(PQKBManifestationID)12400601 035 $a(PQKBTitleCode)TC0000886467 035 $a(PQKBWorkID)10817918 035 $a(PQKB)10214750 035 $a(OCoLC)849917668 035 $a(MiAaPQ)EBC592921 035 $a(Au-PeEL)EBL592921 035 $a(CaPaEBR)ebr10714900 035 $a(CaONFJC)MIL493777 035 $a(OCoLC)849724607 035 $a(EXLCZ)992550000001164811 100 $a20180706d2011 uy 0 101 0 $aeng 135 $aurcn||||||||| 181 $ctxt 182 $cc 183 $acr 200 00$aOptimal control of age-structured populations in economy, demography, and the environment /$fedited by Raouf Boucekkine, Natali Hritonenko, and Yuri Yatsenko 210 1$aAbingdon, Oxon :$cRoutledge,$d2011. 215 $axviii, 295 p. $cill 225 1 $aRoutledge explorations in environmental economics ;$v29 300 $aBibliographic Level Mode of Issuance: Monograph 311 $a0-415-77651-1 311 $a1-299-62527-4 320 $aIncludes bibliographical references and index. 327 $aThe genuine savings criterion and the value of population in an economy with endogenous fertility rate / Kenneth J. Arrow, Alain Bensoussan, Qi Feng, and Suresh P. Sethi -- Continuous time overlapping generations models / Hippolyte d'Albis and Emmanuelle Augeraud-Ve?ron -- Modeling technological change in equipment replacement problems / Chin Hon Tan and Joseph C. Hartman -- Embodied technology adoption under uncertainty / Bruno Cruz and Aude Pommeret -- Viability, optimality, and sustainability in vintage models / Noe?l Bonneuil -- Embodied technical change and learning-by-doing in a two sector growth model with human capital accumulation / Alberto Bucci, Herb Kunze, and Davide La Torre -- Age-structured optimization models in fisheries bioeconomics : a survey / Olli Tahvonen -- Age-structured models and optimal control in mathematical epidemiology : a survey / David Greenhalgh -- Optimal management of a size distributed forest with respect to timber and non-timber values / Renan-Ulrich Goertz and Angels Xabadia -- Optimal harvesting in a two-species model of size-structured population / Nobuyuki Kato -- Optimisation problems in the management of indigenous plant populations under grazing pressure / Lynne McArthur, John Boland, and Fleur Tiver -- Identification of age-structured contamination sources in ground water / Sergey Lyashko, Dmitry Klyushin, Dmitry Nomirovsky, and Vladimir Semenov. 410 0$aRoutledge explorations in environmental economics ;$v29. 606 $aPopulation$xMathematical models 606 $aMathematical optimization 608 $aElectronic books. 615 0$aPopulation$xMathematical models. 615 0$aMathematical optimization. 676 $a304.601/5195 701 $aBoucekkine$b Raouf$0945728 701 $aHritonenko$b Natali$0945729 701 $aII?ĦAtI?Ħsenko$b II?ĦU. P$g(II?ĦUrii Petrovich)$0945730 801 0$bFlBoTFG 801 1$bFlBoTFG 906 $aBOOK 912 $a9910453327403321 996 $aOptimal control of age-structured populations in economy, demography, and the environment$92135570 997 $aUNINA